000 00361 a2200169 4500
001 178638
020 _a85-322-0739-1
040 _cMagnum
100 _aAmadei, Maria Helena
240 1 0 _aUm jacaré no rio
_lpor
245 1 0 _aUm jacaré no rio
300 _a24
362 0 _a1992
440 1 _aFTD
697 _aLITERATURA INFANTO-JUVENIL
942 _cBK
999 _c178638
_d178638